Qualitative research in politics and international relations : (Record no. 5511)
[ view plain ]
| 000 -LEADER | |
|---|---|
| fixed length control field | 01639nam a22003495i 4500 |
| 001 - CONTROL NUMBER | |
| control field | 23694462 |
| 003 - CONTROL NUMBER IDENTIFIER | |
| control field | OSt |
| 005 - DATE AND TIME OF LATEST TRANSACTION | |
| control field | 20260204165707.0 |
| 008 - FIXED-LENGTH DATA ELEMENTS--GENERAL INFORMATION | |
| fixed length control field | 240515s2024 cau 000 0 eng |
| 010 ## - LIBRARY OF CONGRESS CONTROL NUMBER | |
| LC control number | 2024938732 |
| 020 ## - INTERNATIONAL STANDARD BOOK NUMBER | |
| International Standard Book Number | 9781529792607 |
| Qualifying information | (paperback) |
| 020 ## - INTERNATIONAL STANDARD BOOK NUMBER | |
| International Standard Book Number | 9781529792614 |
| Qualifying information | (hardcover) |
| 020 ## - INTERNATIONAL STANDARD BOOK NUMBER | |
| Canceled/invalid ISBN | 9781529679885 |
| Qualifying information | (epub) |
| 035 ## - SYSTEM CONTROL NUMBER | |
| System control number | 23694462 |
| 040 ## - CATALOGING SOURCE | |
| Language of cataloging | eng |
| Transcribing agency | Foundation University |
| Description conventions | rda |
| 042 ## - AUTHENTICATION CODE | |
| Authentication code | pcc |
| 050 ## - LIBRARY OF CONGRESS CALL NUMBER | |
| Classification number | JA 71 |
| Item number | .2024 L33 |
| 100 1# - MAIN ENTRY--PERSONAL NAME | |
| Personal name | Lacatus, Corina, |
| Relator term | author. |
| 9 (RLIN) | 14526 |
| 245 10 - TITLE STATEMENT | |
| Title | Qualitative research in politics and international relations : |
| Remainder of title | a practical and pluralist guide / |
| Statement of responsibility, etc. | Corina Lacatus. |
| 263 ## - PROJECTED PUBLICATION DATE | |
| Projected publication date | 2412 |
| 264 #1 - PRODUCTION, PUBLICATION, DISTRIBUTION, MANUFACTURE, AND COPYRIGHT NOTICE | |
| Place of production, publication, distribution, manufacture | Thousand Oaks : |
| Name of producer, publisher, distributor, manufacturer | Sage, |
| Date of production, publication, distribution, manufacture, copy right date | 2024. |
| Copyright Date | 2024. |
| 300 ## - PHYSICAL DESCRIPTION | |
| Materials specified | resource |
| Extent | xv, 246 pages |
| Other physical details | ; |
| Dimensions | 24 cm. |
| Type of unit | volume |
| 336 ## - CONTENT TYPE | |
| Content type term | text |
| Content type code | txt |
| Source | rdacontent |
| 337 ## - MEDIA TYPE | |
| Media type term | unmediated |
| Media type code | n |
| Source | rdamedia |
| 338 ## - CARRIER TYPE | |
| Carrier type term | volume |
| Carrier type code | nc |
| Source | rdacarrier |
| Materials specified | resource |
| 504 ## - BIBLIOGRAPHY, ETC. NOTE | |
| Bibliography, etc. note | Includes bibliographical references and index. |
| 520 ## - ABSTRACT, SUMMARY, ETC. | |
| Abstract, Summary, etc. | "The only accessible, practical and discipline-specific qualitative methods textbook on the market. Introduces theoretical issues in parallel with step-by-step guidance on 'how to do qualitative research' and 'how it has been done' in seminal published research"-- |
| Assigning source | Provided by publisher. |
| 650 ## - SUBJECT ADDED ENTRY--TOPICAL TERM | |
| Topical term or geographic name entry element | Intenational relations |
| Form subdivision | Research methodology. |
| 9 (RLIN) | 14527 |
| 658 ## - INDEX TERM--CURRICULUM OBJECTIVE | |
| Main curriculum objective | Political Science, Master of Arts in : |
| Subordinate curriculum objective | Theories of International Relations ; |
| Curriculum code | POL340 |
| 856 ## - ELECTRONIC LOCATION AND ACCESS | |
| Uniform Resource Identifier | <a href="https://drive.google.com/file/d/1tRt9fvrXUOoEVRcgDb7Ggyp9SoU8Z8o2/view?usp=sharing">https://drive.google.com/file/d/1tRt9fvrXUOoEVRcgDb7Ggyp9SoU8Z8o2/view?usp=sharing</a> |
| Link text | Click here to view the table of content |
| 942 ## - ADDED ENTRY ELEMENTS (KOHA) | |
| Source of classification or shelving scheme | Library of Congress Classification |
| Koha item type | Books |
| Classification part | JA 71 |
| Item part | .2024 L33 |
| Call number prefix | (CAS-PS) |
| Uniform Resource Identifier | Withdrawn status | Lost status | Source of classification or shelving scheme | Damaged status | Not for loan | Collection code | Home library | Current library | Shelving location | Date acquired | Source of acquisition | Total Checkouts | Full call number | Barcode | Date last seen | Price effective from | Koha item type | Accession Number |
|---|---|---|---|---|---|---|---|---|---|---|---|---|---|---|---|---|---|---|
| https://drive.google.com/file/d/1tRt9fvrXUOoEVRcgDb7Ggyp9SoU8Z8o2/view?usp=sharing | Library of Congress Classification | Room Use Only | Non-fiction | Foundation University Library | Foundation University Library | CoArts & Sciences | 01/30/2026 | QT | (CAS-PS) JA 71 .2024 L33 | 0072026015024 | 01/30/2026 | 01/30/2026 | Books | CAS-PS-2026024 | ||||
| https://drive.google.com/file/d/1tRt9fvrXUOoEVRcgDb7Ggyp9SoU8Z8o2/view?usp=sharing | Library of Congress Classification | Non-fiction | Foundation University Library | Foundation University Library | CoArts & Sciences | 01/30/2026 | QT | (CAS-PS) JA 71 .2024 L33 c2 | 0072026015025 | 01/30/2026 | 01/30/2026 | Books | CAS-PS-2026025 |
